[Event "ARG-ch sf 98th"]
[Site "Buenos Aires"]
[Date "2023.05.07"]
[Round "9"]
[White "Ahumada, Agustin"]
[Black "De la Vega, Pablo Augusto"]
[Result "1-0"]
[WhiteElo "1718"]
[BlackElo "1461"]
[PlyCount "45"]
[EventDate "2023.04.29"]
[EventType "swiss"]
[EventRounds "9"]
[EventCountry "ARG"]
[SourceTitle "EXT 2024"]
[Source "ChessBase"]
[SourceDate "2023.10.10"]
[SourceVersion "1"]
[SourceVersionDate "2023.10.10"]
[SourceQuality "1"]

1. e4 c5 2. Nf3 Nf6 3. Nc3 d6 4. Bc4 e6 5. d3 Be7 6. Bg5 a6 7. a4 h6 8. Bd2 d5 9. Ba2 0-0 10. g4 dxe4 11. dxe4 Nc6 12. h4 Nxg4 13. h5 Kh7 14. Qe2 f5 15. 0-0-0 b5 16. exf5 Nd4 17. Qe4 Nxf2 18. Qxa8 Nxh1 19. Rxh1 Qb6 20. Qe4 Bb7 21. Nd5 Bxd5 22. Bxd5 Nxf3 23. f6+ 1-0

[Event "ARG-ch sf 98th"]
[Site "Buenos Aires"]
[Date "2023.05.03"]
[Round "5"]
[White "Chiappero, Raul"]
[Black "De la Vega, Pablo Augusto"]
[Result "1/2-1/2"]
[WhiteElo "1800"]
[BlackElo "1461"]
[PlyCount "64"]
[EventDate "2023.04.29"]
[EventType "swiss"]
[EventRounds "9"]
[EventCountry "ARG"]
[SourceTitle "CBM 214 Extra"]
[Source "ChessBase"]
[SourceDate "2023.07.31"]
[SourceVersion "1"]
[SourceVersionDate "2023.07.31"]
[SourceQuality "1"]

1. d4 Nf6 2. Bf4 e6 3. e3 d5 4. Nf3 Nbd7 5. Bd3 b6 6. Bb5 a6 7. Bc6 Rb8 8. Ne5 Bb7 9. Bg5 Bc8 10. f4 Be7 11. 0-0 0-0 12. Nd2 b5 13. a4 Rb6 14. axb5 axb5 15. Bxf6 Nxf6 16. Qe2 Ba6 17. g4 h6 18. g5 hxg5 19. fxg5 Nh7 20. Rxa6 Rxa6 21. Bxb5 Rb6 22. h4 Bxg5 23. hxg5 Qxg5+ 24. Kh2 Qh4+ 25. Kg2 Qg5+ 26. Kf3 Qf5+ 27. Kg2 Qg5+ 28. Kf2 Qh4+ 29. Kg2 Qg5+ 30. Kf2 Qh4+ 31. Kf3 Qh5+ 32. Kg2 Qg5+ 1/2-1/2

[Event "ARG-ch sf 98th"]
[Site "Buenos Aires"]
[Date "2023.05.01"]
[Round "3"]
[White "Ruiz, Juan Ignacio"]
[Black "De la Vega, Pablo Augusto"]
[Result "1-0"]
[WhiteElo "1946"]
[BlackElo "1461"]
[PlyCount "87"]
[EventDate "2023.04.29"]
[EventType "swiss"]
[EventRounds "9"]
[EventCountry "ARG"]
[SourceTitle "CBM 214 Extra"]
[Source "ChessBase"]
[SourceDate "2023.07.31"]
[SourceVersion "1"]
[SourceVersionDate "2023.07.31"]
[SourceQuality "1"]

1. d4 d5 2. Bf4 Nf6 3. e3 e6 4. Nf3 Bd6 5. Ne5 0-0 6. Bd3 Nbd7 7. Nd2 Re8 8. Bg3 Nf8 9. c3 b6 10. f4 c5 11. Qf3 Qc7 12. 0-0 Bb7 13. Bh4 Be7 14. Bg5 Ne4 15. Bxe4 dxe4 16. Qg4 f6 17. Bh6 Bd8 18. f5 exf5 19. Rxf5 fxe5 20. Raf1 Bc8 21. Qh5 Bxf5 22. Qxe8 Qd7 23. Qxe5 Bg6 24. Bg5 Bc7 25. Qe7 Qxe7 26. Bxe7 Re8 27. Bh4 cxd4 28. cxd4 Nd7 29. Rc1 Bb8 30. Rc6 Bf7 31. Rc2 h6 32. b3 g5 33. Be1 Nf6 34. Rc6 Kg7 35. Nf1 Bd5 36. Rc2 Re6 37. Rc8 Nd7 38. Rd8 Re7 39. Bb4 Rf7 40. Nd2 Nf6 41. Rxb8 Ng4 42. Nf1 Rc7 43. h3 Bf7 44. hxg4 1-0